00448nam a22001457a 4500003000400000008004100004020001800045082001800063100002500081245007400106260005300180300001700233650001200250650004000262OSt241223b2014 |||||||| |||| 00| 0 eng d a9788175973305 a170.44bVIM-S aVimalananda, Swamini aSadachara :bvedantic look at daily practices /cSwamini Vimalananda. aMumbai :bCentral Chinmaya Mission Trust,c2014. aii, 162 p. ; aAdvaita aSadācāra (Śaṅkarācārya)